| 000 | 01421nam a2200397 i 4500 | ||
|---|---|---|---|
| 001 | 11482 | ||
| 003 | KOSZ 005 | ||
| 005 | 20220608085527.0 | ||
| 008 | 070915s1968 pl a f 001 0 pol | ||
| 015 | _aPB 1969/822 | ||
| 040 |
_aWA N _cWA N _dKOSZ 005/RW _dKOSZ 005/HR |
||
| 041 | 1 |
_apol _heng |
|
| 046 | _k1968 | ||
| 080 | _a534 | ||
| 080 | _a537 | ||
| 080 | _a621.3 | ||
| 100 | 1 |
_aHayashi, Chihiro _eAutor |
|
| 245 | 1 | 0 |
_aDrgania nieliniowe w układach fizycznych / _cChihiro Hayashi ; [tł. Ryszard Matusiak, Zdzisław Trzaska, Kazimierz Mikołajuk]. |
| 246 | 1 |
_iTyt. oryg.: _aNonlinear oscillations in physical systems. |
|
| 260 |
_aWarszawa : _bWydawnictwa Naukowo-Techniczne, _c1968. |
||
| 300 |
_a403, [1] s. : _bil. ; _c25 cm. |
||
| 380 | _aKsiążki | ||
| 388 | _a1901-2000 | ||
| 388 | _a1945-1989 | ||
| 504 | _aBibliogr. s. 397-[401]. Indeks. | ||
| 650 | 4 | _aDrgania elektryczne | |
| 650 | 4 | _aElektrotechnika | |
| 658 | _aFizyka i astronomia | ||
| 658 | _aInżynieria i technika | ||
| 700 | 1 |
_aTrzaska, Zdzisław _d(1939- ) _eTłumaczenie |
|
| 700 | 1 |
_aMikołajuk, Kazimierz _eTłumaczenie |
|
| 700 | 1 |
_aMatusiak, Ryszard _c(nauki techniczne) _eTłumaczenie |
|
| 710 | 2 |
_aWydawnictwa Naukowo-Techniczne _4pbl. |
|
| 856 |
_uhttp://koha.tu.koszalin.pl/cgi-bin/koha/opac-detail.pl?biblionumber=11482 _yKatalog online BPK |
||
| 942 |
_2UKD _cKS |
||
| 999 |
_c11482 _d11482 |
||